Engineering Fluid Mechanics (Record no. 6497)
[ view plain ]
| 000 -LEADER | |
|---|---|
| fixed length control field | 00292nam a2200121Ia 4500 |
| 008 - FIXED-LENGTH DATA ELEMENTS--GENERAL INFORMATION | |
| fixed length control field | 191201s2014 xx 000 0 und d |
| 100 ## - MAIN ENTRY--PERSONAL NAME | |
| Personal name | GARDE,R.J. |
| 245 #0 - TITLE STATEMENT | |
| Title | Engineering Fluid Mechanics |
| 260 ## - PUBLICATION, DISTRIBUTION, ETC. (IMPRINT) | |
| Place of publication, distribution, etc | N. delhi |
| Name of publisher, distributor, etc | Scitech |
| Date of publication, distribution, etc | 2014 |
| 300 ## - PHYSICAL DESCRIPTION | |
| Extent | NULL |
| 650 ## - SUBJECT ADDED ENTRY--TOPICAL TERM | |
| Topical term or geographic name as entry element | B.Tech(CE) |
| 942 ## - ADDED ENTRY ELEMENTS (KOHA) | |
| Source of classification or shelving scheme | Dewey Decimal Classification |
| Koha item type | Text Books |
| 942 ## - ADDED ENTRY ELEMENTS (KOHA) | |
| -- | 4 |
| Withdrawn status | Lost status | Source of classification or shelving scheme | Damaged status | Not for loan | Collection code | Home library | Current library | Date acquired | Source of acquisition | Cost, normal purchase price | Bill Number | Total Checkouts | Full call number | Acc. no. / Barcode | Date last seen | Date last borrowed | Actual Cost, discounted price | Bill Date | Koha item type |
|---|---|---|---|---|---|---|---|---|---|---|---|---|---|---|---|---|---|---|---|
| Dewey Decimal Classification | B.Tech(CE) | PIET C-LIBRARY | PIET C-LIBRARY | 03/01/2016 | KIRTI PRAKASHAN, NEW DELHI | 540.00 | IN3717 | 1 | 620.106 GAE | 28074 | 22/02/2021 | 08/02/2021 | 351.00 | 22/02/2016 | Text Books | ||||
| Dewey Decimal Classification | B.Tech(CE) | PIET C-LIBRARY | PIET C-LIBRARY | 03/01/2016 | KIRTI PRAKASHAN, NEW DELHI | 540.00 | IN3717 | 1 | 620.106 GAE | 28075 | 25/03/2022 | 02/12/2021 | 351.00 | 22/02/2016 | Text Books | ||||
| Dewey Decimal Classification | B.Tech(CE) | PIET C-LIBRARY | PIET C-LIBRARY | 03/01/2016 | KIRTI PRAKASHAN, NEW DELHI | 540.00 | IN3717 | 1 | 620.106 GAE | 28076 | 08/03/2021 | 22/02/2021 | 351.00 | 22/02/2016 | Text Books | ||||
| Dewey Decimal Classification | B.Tech(CE) | PIET C-LIBRARY | PIET C-LIBRARY | 03/01/2016 | KIRTI PRAKASHAN, NEW DELHI | 540.00 | IN3717 | 1 | 620.106 GAE | 28077 | 10/06/2022 | 01/06/2022 | 351.00 | 22/02/2016 | Text Books | ||||
| Dewey Decimal Classification | B.Tech(CE) | PIET C-LIBRARY | PIET C-LIBRARY | 03/01/2016 | KIRTI PRAKASHAN, NEW DELHI | 540.00 | IN3717 | 620.106 GAE | 28078 | 04/12/2019 | 351.00 | 22/02/2016 | Text Books |